UBT Library

Supplement to Max Farrand's the Records of the federal convention of 1787 / (Record no. 39136)

000 -LEADER
fixed length control field 00701cam a2200241 a 4500
001 - CONTROL NUMBER
control field 3826045
005 - DATE AND TIME OF LATEST TRANSACTION
control field 20171219035320.0
008 - FIXED-LENGTH DATA ELEMENTS--GENERAL INFORMATION
fixed length control field 861009s1987 ctu 001 0 eng
010 ## - LIBRARY OF CONGRESS CONTROL NUMBER
LC control number 86051340
020 ## - INTERNATIONAL STANDARD BOOK NUMBER
International Standard Book Number 0300039034 (alk. paper)
020 ## - INTERNATIONAL STANDARD BOOK NUMBER
International Standard Book Number 0300039042 (pbk.)
040 ## - CATALOGING SOURCE
Original cataloging agency DLC
Transcribing agency DLC
Modifying agency DLC
041 ## - LANGUAGE CODE
Language code of text/sound track or separate title eng
043 ## - GEOGRAPHIC AREA CODE
Geographic area code n-us---
080 ## - UNIVERSAL DECIMAL CLASSIFICATION NUMBER
Universal Decimal Classification number 940
082 ## - DEWEY DECIMAL CLASSIFICATION NUMBER
Edition number 940 HUT
100 ## - Rafti
Rafti 16
101 ## - Shkurtesa
Shkurtesa HIS
245 10 - TITLE STATEMENT
Title Supplement to Max Farrand's the Records of the federal convention of 1787 /
Statement of responsibility, etc James H. Hutson, editor ; with the assistance of Leonard Rapport.
906 ## - LOCAL DATA ELEMENT F, LDF (RLIN)
a 7
b cbc
c orignew
d 2
e ocip
f 19
g y-gencatlg
942 ## - ADDED ENTRY ELEMENTS (KOHA)
Source of classification or shelving scheme
Item type Books
Holdings
Withdrawn status Lost status Source of classification or shelving scheme Damaged status Not for loan Collection code Permanent location Current location Shelving location Date acquired Total Checkouts Full call number Barcode Date last seen Price effective from Koha item type
          Koleksioni i përgjithshem UBT - Lipjan UBT - Lipjan Koleksioni i përgjithshem 12/19/2017   940 HUT 002-2939620 12/19/2017 12/19/2017 Books
UBT Library © 2015-2024. All rights reserved University Education for Business and Technology